000 00449pab a2200157 454500
008 180718b2004 xxu||||| |||| 00| 0 eng d
100 _aLumbiganon, Pisake
245 _aFrom research to practice: the example of antenatal care in Thailand
260 _c2004
300 _ap.746-49.
362 _aOct
650 _aHealth services - Thailand
650 _aHealth services
773 _aBulletin of the World Health Organization
909 _a63479
999 _c63479
_d63479